000 01489nam a22002417a 4500
003 DO-SdBJH
005 20250328124759.0
008 250328b |||||||| |||| 00| 0 spa d
040 _aDO-SdBJH
_bspa
_cDO-SdBJH
090 _aTG ANGM
_b02289 2023
100 1 _aIchaj Vicente, Christian Fernando
_esustentante
245 1 0 _aDeterminación metodológica e instrumental del monitoreo de la calidad del agua en los ríos Ozama, Isabela y Haina /
_c Christian Fernando Ichaj Vicente, Jonaire Josue Suriel Nolasco, asesores López Primitivo, Gertrudis Perera Rodríguez
260 _aSanto Domingo Este :
_bINSUDE,
_c2023
300 _ax, 58 páginas
502 _aTrabajo de grado (Licenciado en Ciencias Navales). -- Instituto Superior para la Defensa (INSUDE). Academia Naval Marina de Guerra “Vicealmirante Cesar D’Windt Lavandier”, 2023
504 _aIncluye referencias bibliográficas e índices
505 _aOrigen de la contaminación del agua en los ríos Ozama, Isabela y Haina. -- Situación actual de la problemática de contaminación en los ríos Ozama, Isabela y Haina. -- Importancia del cuidado de la calidad de agua en los ríos Ozama, Isabela y Haina
700 1 _aJonaire Josue Suriel Nolasco,
_esustentante
700 1 _aLópez Primitivo,
_easesor
700 1 _a Perera Rodríguez, Gertrudis
_easesor
830 _aINSUDE. Academia Naval Marina de Guerra “Vicealmirante Cesar D’Windt Lavandier”. Tesis y disertaciones académicas
942 _2CL
_cT
999 _c8117
_d8117